000 00566nam a2200205 i 4500
001 26310
003 ES-MaACL
005 20230906153423.0
007 t|
008 150914 1991 fr |||| | fre d
020 _a2-07-038330-X
100 0 _aYourcenar, Marguerite.
_9117708
245 1 0 _aAnna, soror... /
_cMarguerite Yourcenar.
260 _a[S.l.] :
_bGallimard,
_c[1991]
300 _a114 p. ;
_c18 cm.
490 1 _aFolio ;
_v2230
830 0 _aFolio ;
_v2230
_9178839
852 _aES-MaACL
_jL-30144
_z.- Donat. Carmen Zumárraga
999 _c26310
_d26310